000 00520nam a2200181Ia 4500
999 _c22496
_d22496
003 OSt
005 20200214160935.0
008 190216s9999||||xx |||||||||||||| ||und||
020 _a8172044844
040 _coclc
082 _a297.122
_bNAI/A
100 _a Nair, K G Raghavan
_92011
245 0 _aAmruthavani /
_cK G Raghavan Nair
260 _bIslamic Publishing House,
_c1998.
_aKozhikode:
300 _a888p
650 _aIslamic History
942 _cBK
_2ddc
_h297.122
_iNAI/A
_k297.122
_mNAI/A